000 03305nam a2200313 a 4500
001 000038154
003 DO-SdBNP
005 20250721113749.0
007 tard
008 130319s2007 dr a 000 0 spa d
040 _aDO-SdBNP
_bspa
_cBNPHU
_erda
082 4 _a616.9792
_bR426c
_222
110 2 _aConsejo Presidencial del SIDA (República Dominicana)
_970981
245 1 0 _aPlan estratégico nacional (PEN) para la prevención y el control de las ITS, VIH y Sida 2007-2015 .
264 1 _aSanto Domingo :
_bCOPRESIDA,
_c2007.
300 _a4 volumenes :
_bilustraciones, retratos;
_c24 cm.
336 _atexto
_btxt
_2rdacontent
337 _asin mediación
_bn
_2rdamedia
338 _avolumen
_bnc
_2rdacarrier
505 0 _av.1--
_tAnálisis de situación y respuesta nacional a las ITS,el VIH y el SIDA
_tDiscurso Presidente del COPRESIDA --
_tPresentación --
_tMiembros del COPRESIDA --
_tResumen ejecutivo --
_tIntroducción --
_tAntecedentes --
_tMetodología --
_tLimitaciones del método --
_tContexto nacional y la respuesta a las ITS, el VIH yel SIDA --
_tInformación general --
_tAlgunas consideraciones sobre la pobreza y la exclusión social en RD --
_tLos actores sociales en VIH y SIDA --
_tPlanificación estratégica 2000-2003 --
_tContexto internaconal --
_tObjetivos del desarrollo del milenio --
_tDeclaración de compromiso contra el VIH marco estratégico mundial sobre el VIH declaración política sobre el VIH y el SIDA --
_tEl Fondo Mundial de lucha contra el SIDA, Tuberculosis y Malaria --
_tPlan regional de VIH Campaña Global de UNICEF "Unidos en la niñez, unidos contra el SIDA" --
_tAlgunas iniciativas relevantes --
_tLos Tratados de Libre Comercio --
_tPanorama epidemiológico de las ITS, el VIH y el SIDA en R.D. --
_tLa situación epidemiológica en R.D. --
_tVigilancia serológica de infección VIH situación de la coinfección VIH estimaciones nacionales --
_tMarco legal para la respuesta nacional al VIH Ley de SIDA 55-93 --
_tLa creación de COPRESIDA --
_tLey general de salud 42-01 --
_tLey de creación del sistema dominicano de Seguridad Social 87-01 --
_tAnálisis de la respuesta al VIH L SIDA --
_tLas políticas nacionales, planificación y movilización social --
_tConclusiones --
_tServicios para la atención integral de las ITS sistemas de información, vigilancia epidemiológica, M&E --
_tEl financiamiento en VIH percepción del Estado de situación y respuestaante la epidemia de VIH y SIDA --
_tBibliografía --
_tGlosario--
_tAnexos--
_tCitas de referencia --
505 0 _gv. 2 :
_tMarco estratégico nacional multisectorial--
_tDiscurso Presidente del COPRESIDA--
_tPresentación Director ejecutivo --
_tMiembro del COPRESIDA --
_tIntroducción --
_tResumen ejecutivo del análisis de sistuación y respuesta --
_tMarco conceptual y metodológico --
_tTemas estratégicos identificados --
_tMarco estratégico --
_gv. 3 :
_tMarco conceptual de monitoreo y evaluación
_gv. 4 :
_tPlan operativo bienal 2007-2008
590 _aInventariado, 2018/DG
650 0 _aSIDA (Enfermedad)
_xPrevención y control
_952709
650 4 _aEnfermedades de prevención sexual
_xPrevención y control
_964517
650 4 _aInfecciones por VIH
_96990
650 0 _aPolítica sanitaria
_zRepública Dominicana
_y2007-2015
_91344
910 _aValidado. Control de calidad MFF
942 _2ddc
_cLBS1
999 _c37644
_d37644